"Benchmarking" v hodnocení kvality vysokých škol

Typy a metodológia benchmarkingu. Príklady uplatňovania benchmarkingu na vysokých školách v USA, Nemecku, Veľkej Británii, Austrálii. Benchmarking pri hodnotení kvality vysokoškolských študijných odborov v súčasnosti. Európsky program benchmarkingu riadenia vysokých škôl.

Gespeichert in:
Bibliographische Detailangaben
1. Verfasser: Závada, Jiří
Weitere Verfasser: Šebková, Helena, Münsterová, Eva
Format: Buchkapitel
Sprache:Tschechisch
Schlagworte:
Tags: Tag hinzufügen
Keine Tags, Fügen Sie das erste Tag hinzu!

MARC

LEADER 00000naa$a2200000$$$4500
001 0054954
005 20230919104543.5
041 0 |a cze 
044 |a CZ 
245 1 0 |a "Benchmarking" v hodnocení kvality vysokých škol  |c Jiří Závada, Helena Šebková, Eva Münsterová 
520 |a Typy a metodológia benchmarkingu. Príklady uplatňovania benchmarkingu na vysokých školách v USA, Nemecku, Veľkej Británii, Austrálii. Benchmarking pri hodnotení kvality vysokoškolských študijných odborov v súčasnosti. Európsky program benchmarkingu riadenia vysokých škôl. 
610 2 0 |a kvalita 
610 2 0 |a školy vysoké 
610 2 0 |a metodika 
610 2 0 |a riadenie 
610 2 0 |a benchmarking 
610 2 0 |a Európa 
100 1 |a Závada, Jiří 
700 1 |a Šebková, Helena 
700 1 |a Münsterová, Eva